Musia vyplatiť maximum a aj bonus. Koniar: Radi sa s tým vysporiadame kontrolóri skúšali usporiadateľov maratónu v utajení

Bibliographic Details
Main Author: Dedina, Daniel (Author)
Format: Article
Language:Slovak
PhysicalDescription:Fotografie
ISSN:2585-7355
Subjects:

MARC

LEADER 00000nab a2200000u 4500
001 vtls012072191
003 SK-MaSNL
005 20260303114502.0
008 211007|20211005xo ||||||| || ||slo|
038 |a KEVKJB 
040 |a KEVKJB  |b slo  |e rda 
041 0 |a slo 
043 |a e-xo--- 
044 |a xo  |c SK 
072 7 |a 796  |x Šport. Hry. Telesné cvičenia  |2 konspekt 
080 |a 796.422.16  |2 2011 
100 1 |a Dedina, Daniel  |4 aut  |9 545446 
245 1 0 |a Musia vyplatiť maximum a aj bonus. Koniar: Radi sa s tým vysporiadame  |b kontrolóri skúšali usporiadateľov maratónu v utajení  |c Daniel Dedina 
300 |b Fotografie 
336 |a text  |b txt  |2 rdacontent 
337 |a bez média  |b n  |2 rdamedia 
338 |a zväzok  |b nc  |2 rdacarrier 
611 2 7 |a Medzinárodný maratón mieru  |n (98. :  |d 2021 :  |c Košice, Slovensko)‭  |2 kevkjb  |9 1110393 
650 0 7 |a maratón  |2 SNKPH  |9 22999 
651 7 |a Košice (Slovensko)  |2 SNKPHgeo  |9 18694 
773 0 |t Korzár  |g Roč. XXIV., č. 230 (5.10.2021), s. 16  |x 2585-7355 
852 |a KEVKJB  |b KIS3GCP 
999 |c 1898528  |d 1900458